000 00598nam a22001577a 4500
003 OSt
005 20150922163654.0
008 150922b xxu||||| |||| 00| 0 eng d
040 _cRUA
082 _aAGR YOU 2007 B035 Or.1
100 _91142
_aYOU KHEMRA
245 _aDry season rice production at royal university of agriculture,(ផលិតកម្មដំណាំស្រូវរដូវប្រាំងនៅសាកលវិទ្យាល័យភូមិន្ទកសិកម្ម)
260 _aphnom penh
_bRUA
_c2007
300 _axiv,45p.
_cill.
_g29cm.
942 _2ddc
_cAGR
999 _c1093
_d1093